00713nam a22001937a 4500003001100000008004100011040003900052041000800091082001600099111008400115245003900199260005100238300003900289650004400328650003300372650004500405650003800450650003100488LK-CoMWRAF240624b2004 |||||||| |||| 00| 0 eng d aLK-CoMWRAFdLK-CoMWRAFeLK-CoMWRAF aeng a305.42bWOM aNINTH NATIONAL CONVENTION ON WOMEN'S STUDIES c( Colombo, d20-23rd March 2004) aSESSION VIII: bGender and society aColombo:b Centre for Women's Research, c2004 aVarious pg.bBibliography included aWOMEN'S STUDIES- Sri Lanka- Congresses  aUrban Muslim women-Sri Lanka aRural women-Fisheries villages-Sri Lanka aChild rearing practices-Sri Lanka awomen-Drug abuse-Sri Lanka